Posmodernidad y lectura : la lectura literaria en la construcción de la subjetividad /

Una defensa teórica y práctica de la lectura literaria y poética como espacio de construcción de la subjetividad. El libro incluye la experiencia de un taller con alumnos de quinto año de una escuela secundaria, con fragmentos de sus producciones.

Bibliographic Details
Main Author: Caron, Bettina
Format: Libro
Language:Spanish
Published: Buenos Aires Libros del Zorzal 2012
Subjects:
Online Access:

MARC

LEADER 00000cam a2200000 a 4500
001 014994
003 UAHC_CL
005 20170803121212.0
008 130503s2012 ag 000 spa
020 |a 9789875993006 
040 |a UAHC_CL  |c UAHC_CL  |d UAHC_CL 
082 0 4 |a 371.1  |b C293  |2 20 
100 1 |a Caron, Bettina 
245 1 0 |a Posmodernidad y lectura :  |b la lectura literaria en la construcción de la subjetividad /  |c Bettina Caron. 
260 |b Libros del Zorzal  |a Buenos Aires  |c 2012 
300 |a 160 p. 
520 |a Una defensa teórica y práctica de la lectura literaria y poética como espacio de construcción de la subjetividad. El libro incluye la experiencia de un taller con alumnos de quinto año de una escuela secundaria, con fragmentos de sus producciones. 
650 4 |a PROFESORES  |x FORMACION PROFESIONAL 
900 |a 371.1 CAR 
942 |c BK 
952 |0 0  |1 0  |4 0  |6 371_100000000000000_CAR  |7 0  |8 General  |9 29985  |a BC  |b BC  |c General  |d 2017-08-03  |o 371.1 CAR  |p 1410243  |r 2026-01-13 00:00:00  |t 1  |w 2017-08-03  |y BK 
999 |c 14994  |d 14994